عرض عادي
عرض مارك
- Language learning
دخول Topical Term
001 - CONTROL NUMBER
- control field: 19666
003 - CONTROL NUMBER IDENTIFIER
- control field: AE-AdECS
005 - DATE AND TIME OF LATEST TRANSACTION
- control field: 20250902135820.0
008 - FIXED-LENGTH DATA ELEMENTS
- fixed length control field: 250902|| aca||aabn | a|a d
040 ## - CATALOGING SOURCE
- Original cataloging agency: AE-AdECS
- Transcribing agency: AE-AdECS
150 ## - HEADING--TOPICAL TERM
- Topical term or geographic name entry element: Language learning
- General subdivision: Experimental design
- General subdivision: Performance measures
670 ## - SOURCE DATA FOUND
- Source citation: Work cat.: (AE-AdECS)292003: Sasayama, Shoko. 19663, Second Language Cognitive Task Complexity :
